Astrophysics and spacephysics reviews (Record no. 12278)

MARC details
000 -LEADER
fixed length control field 00666nam a2200193Ia 4500
003 - CONTROL NUMBER IDENTIFIER
control field IN-BaIIA
008 - FIXED-LENGTH DATA ELEMENTS--GENERAL INFORMATION
fixed length control field 211028s9999 xx 000 0 eng d
020 ## - INTERNATIONAL STANDARD BOOK NUMBER
International Standard Book Number 3-7186-5497-0
040 ## - CATALOGING SOURCE
Transcribing agency IIA Library
080 ## - UNIVERSAL DECIMAL CLASSIFICATION NUMBER
Universal Decimal Classification number 047.1:524
Item number NAG
100 ## - MAIN ENTRY--PERSONAL NAME
Personal name Nagirner, D.I
9 (RLIN) 21468
245 #0 - TITLE STATEMENT
Title Astrophysics and spacephysics reviews
Remainder of title single compton scattering
Statement of responsibility, etc. D. I. Nagirner and J. Poutanen
260 ## - PUBLICATION, DISTRIBUTION, ETC.
Place of publication, distribution, etc. U.K.
Name of publisher, distributor, etc. Harwood Academic Publishers
Date of publication, distribution, etc. 1989
300 ## - PHYSICAL DESCRIPTION
Extent 81p.
490 ## - SERIES STATEMENT
Series statement Soviet Scientific Review/Section E
650 ## - SUBJECT ADDED ENTRY--TOPICAL TERM
Topical term or geographic name entry element Compton scattering, Atrophysics, Space physics
9 (RLIN) 21469
700 ## - ADDED ENTRY--PERSONAL NAME
Personal name Poutanen, J.
9 (RLIN) 21470
942 ## - ADDED ENTRY ELEMENTS (KOHA)
Koha item type Books
Holdings
Withdrawn status Lost status Damaged status Not for loan Home library Current library Shelving location Date acquired Cost, normal purchase price Total Checkouts Full call number Barcode Date last seen Cost, replacement price Price effective from Koha item type Purchase Price
        IIA Library-Bangalore IIA Library-Bangalore General Stacks 24/10/1997 3879.60   047.1:524/ NAG 13194 05/11/2021 3879.60 24/10/1997 Books Rs. 3879.60

Powered by Koha